000 00760nam a2200241Ia 4500
003 OSt
005 20220923215638.0
006 a|||||r|||| 00| 0
007 ta
008 220922b |||||||| |||| 00| 0 hin d
024 _a180,549
037 _cTextual
040 _aARTS
_cARTS
_bhin
041 _2hin
_ahin
082 _aO152,1J94,1, L8 (EPH)
100 _aभाटी, देशराज सिंह
245 0 _aबिहारी भाष्य
246 _aBihārī bhāṣhya
260 _aनई दिल्ली
_b अशोक प्रकाशन
_c1978
300 _a446 पृ.
_ccm.
942 _hO152,1J94,1, L8 (EPH)
_cTEXL
_2CC
999 _c333927
_d333927